<?xml version="1.0" encoding="UTF-8"?>
<record
    xmlns:xsi="http://www.w3.org/2001/XMLSchema-instance"
    xsi:schemaLocation="http://www.loc.gov/MARC21/slim http://www.loc.gov/standards/marcxml/schema/MARC21slim.xsd"
    xmlns="http://www.loc.gov/MARC21/slim">

  <leader>00975nam a22002297a 4500</leader>
  <controlfield tag="008">100712s    xxu||||| |||| 00| 0 ara d</controlfield>
  <datafield tag="082" ind1=" " ind2=" ">
    <subfield code="2">22</subfield>
    <subfield code="a">110</subfield>
    <subfield code="b">&#x643; &#x631; &#x645;</subfield>
  </datafield>
  <datafield tag="100" ind1="1" ind2=" ">
    <subfield code="9">16204</subfield>
    <subfield code="a">&#x643;&#x631;&#x645; &#x60C; &#x64A;&#x648;&#x633;&#x641;</subfield>
  </datafield>
  <datafield tag="245" ind1=" " ind2=" ">
    <subfield code="a">&#x627;&#x644;&#x637;&#x628;&#x64A;&#x639;&#x629; &#x648;&#x645;&#x627; &#x628;&#x639;&#x62F; &#x627;&#x644;&#x637;&#x628;&#x64A;&#x639;&#x629; :</subfield>
    <subfield code="b">&#x627;&#x644;&#x645;&#x627;&#x62F;&#x629; . &#x627;&#x644;&#x62D;&#x64A;&#x627;&#x629; . &#x627;&#x644;&#x644;&#x647; /</subfield>
    <subfield code="c">&#x64A;&#x648;&#x633;&#x641; &#x643;&#x631;&#x645;</subfield>
  </datafield>
  <datafield tag="250" ind1=" " ind2=" ">
    <subfield code="a">&#x637;3.</subfield>
  </datafield>
  <datafield tag="260" ind1=" " ind2=" ">
    <subfield code="a">&#x627;&#x644;&#x642;&#x627;&#x647;&#x631;&#x629; :</subfield>
    <subfield code="b">&#x62F;&#x627;&#x631; &#x627;&#x644;&#x645;&#x639;&#x627;&#x631;&#x641; &#x60C;</subfield>
    <subfield code="c">[&#x62F;.&#x62A;]</subfield>
  </datafield>
  <datafield tag="300" ind1=" " ind2=" ">
    <subfield code="a">194 &#x635; :</subfield>
    <subfield code="c">24 &#x633;&#x645;.</subfield>
  </datafield>
  <datafield tag="490" ind1=" " ind2=" ">
    <subfield code="9">16205</subfield>
    <subfield code="a">&#x645;&#x643;&#x62A;&#x628;&#x629; &#x627;&#x644;&#x62F;&#x631;&#x627;&#x633;&#x627;&#x62A; &#x627;&#x644;&#x641;&#x644;&#x633;&#x641;&#x64A;&#x629;</subfield>
  </datafield>
  <datafield tag="504" ind1=" " ind2=" ">
    <subfield code="a">&#x64A;&#x62D;&#x62A;&#x648;&#x64A; &#x639;&#x644;&#x649; &#x625;&#x631;&#x62C;&#x627;&#x639;&#x627;&#x62A; &#x628;&#x628;&#x644;&#x64A;&#x648;&#x62C;&#x631;&#x627;&#x641;&#x64A;&#x629;</subfield>
  </datafield>
  <datafield tag="541" ind1=" " ind2=" ">
    <subfield code="a">&#x623;&#x644;&#x641; &#x628;&#x627;&#x621; &#x61B;</subfield>
    <subfield code="c">&#x634;&#x631;&#x627;&#x621; &#x61B;</subfield>
  </datafield>
  <datafield tag="650" ind1=" " ind2=" ">
    <subfield code="9">16207</subfield>
    <subfield code="a">&#x645;&#x627; &#x631;&#x648;&#x627;&#x621; &#x627;&#x644;&#x637;&#x628;&#x64A;&#x639;&#x629;</subfield>
    <subfield code="x">&#x639;&#x644;&#x645;</subfield>
  </datafield>
  <datafield tag="650" ind1=" " ind2=" ">
    <subfield code="9">16208</subfield>
    <subfield code="a">&#x627;&#x644;&#x62D;&#x64A;&#x627;&#x629;</subfield>
  </datafield>
  <datafield tag="650" ind1=" " ind2=" ">
    <subfield code="9">16209</subfield>
    <subfield code="a">&#x627;&#x644;&#x641;&#x644;&#x633;&#x641;&#x629;</subfield>
  </datafield>
  <datafield tag="650" ind1=" " ind2=" ">
    <subfield code="9">16211</subfield>
    <subfield code="a">&#x627;&#x644;&#x645;&#x627;&#x62F;&#x629;</subfield>
    <subfield code="x">&#x641;&#x644;&#x633;&#x641;&#x629;</subfield>
  </datafield>
  <datafield tag="942" ind1=" " ind2=" ">
    <subfield code="2">ddc</subfield>
    <subfield code="c">BB</subfield>
  </datafield>
  <datafield tag="999" ind1=" " ind2=" ">
    <subfield code="c">14463</subfield>
    <subfield code="d">14463</subfield>
  </datafield>
  <datafield tag="952" ind1=" " ind2=" ">
    <subfield code="0">0</subfield>
    <subfield code="1">0</subfield>
    <subfield code="2">ddc</subfield>
    <subfield code="4">0</subfield>
    <subfield code="7">0</subfield>
    <subfield code="8">Alef-Baa</subfield>
    <subfield code="a">MAIN</subfield>
    <subfield code="b">MAIN</subfield>
    <subfield code="c">LOW</subfield>
    <subfield code="d">2010-07-12</subfield>
    <subfield code="e">purchase</subfield>
    <subfield code="o">110 &#x643;&#x631;&#x645;</subfield>
    <subfield code="p">000021043</subfield>
    <subfield code="r">2025-07-15 00:00:00</subfield>
    <subfield code="y">BB</subfield>
  </datafield>
</record>
